|
|
|
|
| LEADER |
00000cam a2200000 7i4500 |
| 001 |
0000002614 |
| 005 |
20030827.0 |
| 090 |
0 |
0 |
|a 636.39095951
|b GOA 1979
|
| 245 |
0 |
0 |
|a GOAT production in low income economic units of selected areas in West Malaysia
|c K. J. Peters (ed.) ... (et al)
|
| 260 |
0 |
0 |
|a Berlin :
|b Post-Graduate Training Centre for Agricultural Development ,
|c 1979
|
| 300 |
|
|
|a ix, 179 p. ;
|c 21 cm.
|
| 650 |
0 |
0 |
|a Goat industry
|z Peninsular Malaysia
|
| 650 |
0 |
0 |
|a Goats
|x Economic aspects
|z Peninsular Malaysia
|
| 650 |
0 |
0 |
|a Goats
|z Peninsular Malaysia
|
| 700 |
0 |
1 |
|a Peters
|h K. J.
|
| 998 |
|
|
|a JPSM
|
| 999 |
|
|
|a 0000004124
|b Monograph
|c Open Shelf
|e Default branch
|